Zielona Górka (Olsztyn) - Ulice - Statystyki

Ogólne statystyki
  • Ten quiz został rozwiązany 4 razy
  • Średni wynik to 7 z 16
Statystyki odpowiedzi
Litera Ulica % Poprawnych
M Morwowa
100%
T Truskawkowa
100%
Z Zientary-Malewskiej
100%
A Agrestowa
50%
J Jesienna
50%
J Jeżynowa
50%
M Morelowa
50%
P Porzeczkowa
50%
T Tracka
50%
W Wiśniowa
50%
Z Zimowa
50%
C Czereśniowa
0%
L Letnia
0%
M Malinowa
0%
P Poleskiego
0%
W Wiosenna
0%
Nie znaleziono quizów pasujących do podanych kryteriów
Rozkład punktacji
Procent ludzi z każdym wynikiem
Percentyl według liczby udzielonych odpowiedzi
Twoja historia wyników
Nie rozwiązałeś tego quizu